[Event "Karl Mala Memorial op-A 17th"]
[Site "Frankfurt"]
[Date "2014.08.03"]
[Round "7"]
[White "Schilay, Lorenz"]
[Black "Kunkel, Wolfgang"]
[Result "1-0"]
[WhiteElo "1609"]
[BlackElo "1738"]
[PlyCount "75"]
[EventDate "2014.07.31"]
[EventType "swiss"]
[EventRounds "7"]
[EventCountry "GER"]
[SourceTitle "EXT 2015"]
[Source "ChessBase"]
[SourceDate "2014.11.20"]
[SourceVersion "1"]
[SourceVersionDate "2014.11.20"]
[SourceQuality "1"]

1. e4 e5 2. Nf3 f5 3. Nxe5 Nf6 4. exf5 d6 5. Nf3 Bxf5 6. d4 Be7 7. Bd3 Bxd3 8. Qxd3 0-0 9. 0-0 Nc6 10. Nc3 d5 11. a3 Qd7 12. Bd2 Bd6 13. Nb5 Ne4 14. c4 Rxf3 15. gxf3 Nxd2 16. Qxd2 dxc4 17. Nxd6 Qxd6 18. Rad1 Rf8 19. Qe2 b5 20. Kh1 Qd5 21. Qe4 Qd7 22. d5 Nd8 23. Rg1 Qf7 24. Rg3 Re8 25. Qh4 Nb7 26. Rdg1 g6 27. Qg4 Nd6 28. Qh5 Nf5 29. Rg5 Ng7 30. Qg4 Re2 31. Qc8+ Re8 32. Qg4 Re2 33. d6 cxd6 34. Rxb5 Rxf2 35. Rb8+ Ne8 36. Re1 Rxf3 37. Rexe8+ Kg7 38. Rg8+ 1-0

[Event "Schleswig Holstein-ch Seniors"]
[Site "Leck"]
[Date "2014.04.16"]
[Round "7"]
[White "Kunkel, Wolfgang"]
[Black "Potschka, Dieter"]
[Result "1-0"]
[WhiteElo "1719"]
[BlackElo "1792"]
[PlyCount "111"]
[EventDate "2014.04.12"]
[EventType "swiss"]
[EventRounds "9"]
[EventCountry "GER"]
[SourceTitle "EXT 2018"]
[Source "ChessBase"]
[SourceDate "2017.10.13"]
[SourceVersion "1"]
[SourceVersionDate "2017.10.13"]
[SourceQuality "1"]

1. f4 e6 2. Nf3 d5 3. d4 Nf6 4. e3 Be7 5. c3 Nbd7 6. Bd3 c5 7. Nbd2 a6 8. 0-0 b5 9. Ne5 Bb7 10. g4 c4 11. Bc2 Ne4 12. Qf3 Ndf6 13. g5 Nxd2 14. Bxd2 Ne4 15. Be1 g6 16. Rd1 h5 17. Bxe4 dxe4 18. Qh3 Bd5 19. Rd2 Rg8 20. Bh4 Ra7 21. Rdf2 Rb7 22. f5 exf5 23. Nxf7 Bxf7 24. Rxf5 gxf5 25. Qxf5 Bg6 26. Qe6 Rb6 27. Qxg8+ Kd7 28. Qd5+ Rd6 29. Qe5 Qb6 30. Bg3 Qc6 31. Qg7 Be8 32. Bxd6 Qxd6 33. Rf6 Qd5 34. Rxa6 Qxg5+ 35. Qxg5 Bxg5 36. Kf2 Ke7 37. Ra5 Kf6 38. b3 Bh4+ 39. Ke2 Bd7 40. bxc4 bxc4 41. Re5 Bg4+ 42. Kd2 Bf5 43. Rc5 Bf2 44. Rxc4 h4 45. Rc6+ Kg5 46. Rc5 h3 47. a4 Bg1 48. a5 Bxh2 49. a6 Bg1 50. a7 h2 51. a8Q h1Q 52. Qg8+ Kh6 53. Qh8+ Bh7 54. Rc6+ Kg5 55. Qg7+ Kf5 56. Rf6# 1-0

[Event "Schleswig Holstein-ch Seniors"]
[Site "Leck"]
[Date "2014.??.??"]
[Round "6"]
[White "Stomprowski, Eckhard"]
[Black "Kunkel, Wolfgang"]
[Result "1-0"]
[WhiteElo "1888"]
[BlackElo "1719"]
[PlyCount "61"]
[EventDate "2014.04.12"]
[EventType "swiss"]
[EventRounds "9"]
[EventCountry "GER"]
[SourceTitle "EXT 2018"]
[Source "ChessBase"]
[SourceDate "2017.10.13"]
[SourceVersion "1"]
[SourceVersionDate "2017.10.13"]
[SourceQuality "1"]

1. e4 e5 2. Nf3 Nc6 3. Bc4 Be7 4. d3 f5 5. Nc3 d6 6. a3 Nf6 7. Ng5 Rf8 8. Nxh7 Rh8 9. Ng5 d5 10. exd5 Nxd5 11. Nf7 Kxf7 12. Nxd5 Be6 13. Nxe7 Qxe7 14. Bxe6+ Qxe6 15. c3 Rad8 16. Bg5 Rd7 17. 0-0 Qd6 18. Qb3+ Kg6 19. h4 Nd8 20. Rae1 Ne6 21. f4 Nxg5 22. hxg5 Re7 23. fxe5 Qb6+ 24. Qxb6+ axb6 25. d4 Rhe8 26. Re3 Rf8 27. Ref3 Kxg5 28. Kf2 Kg6 29. Ke3 c6 30. g4 Kg5 31. gxf5 1-0

[Event "Karl Mala Memorial op-A 16th"]
[Site "Frankfurt"]
[Date "2013.07.13"]
[Round "5"]
[White "Scholz, Michael"]
[Black "Kunkel, Wolfgang"]
[Result "0-1"]
[WhiteElo "1896"]
[BlackElo "1721"]
[PlyCount "78"]
[EventDate "2013.07.11"]
[EventType "swiss"]
[EventRounds "7"]
[EventCountry "GER"]
[SourceTitle "EXT 2014"]
[Source "ChessBase"]
[SourceDate "2013.11.20"]
[SourceVersion "1"]
[SourceVersionDate "2013.11.20"]
[SourceQuality "1"]

1. b4 Nf6 2. c4 b6 3. Nc3 Bb7 4. d4 e6 5. c5 Nc6 6. b5 Na5 7. Ba3 bxc5 8. dxc5 Nc4 9. Bb4 a5 10. bxa6 Bxa6 11. e4 Nb2 12. Qc2 Bxf1 13. Kxf1 Nc4 14. Nge2 Ng4 15. h3 Nge3+ 16. fxe3 Nxe3+ 17. Kf2 Nxc2 18. a3 Qf6+ 19. Kg3 Nxb4 20. axb4 Rxa1 21. Rxa1 Be7 22. Ra8+ Bd8 23. Nb5 0-0 24. Ra7 Qe5+ 25. Kf3 d5 26. Nbc3 dxe4+ 27. Nxe4 f5 28. N4c3 g5 29. g3 g4+ 30. Kg2 gxh3+ 31. Kh2 h5 32. Kxh3 Kf7 33. Ra3 h4 34. Nf4 hxg3 35. Nce2 Rh8+ 36. Kxg3 Bh4+ 37. Kg2 Qe4+ 38. Kf1 Qh1+ 39. Ng1 Rg8 0-1

[Event "Karl Mala Memorial op 15th"]
[Site "Frankfurt"]
[Date "2012.07.08"]
[Round "6"]
[White "Kunkel, Wolfgang"]
[Black "Becker, Robin"]
[Result "1-0"]
[WhiteElo "1734"]
[BlackElo "1464"]
[PlyCount "37"]
[EventDate "2012.07.05"]
[EventType "swiss"]
[EventRounds "7"]
[EventCountry "GER"]
[SourceTitle "CBM 149 Extra"]
[Source "ChessBase"]
[SourceDate "2012.08.24"]
[SourceVersion "1"]
[SourceVersionDate "2012.08.24"]
[SourceQuality "1"]

1. g4 c6 2. d4 d5 3. h3 Nf6 4. Bg2 e6 5. Nc3 Be7 6. Nf3 0-0 7. Bf4 b6 8. e3 Ba6 9. Ne5 c5 10. g5 Nfd7 11. Qg4 Nxe5 12. dxe5 g6 13. 0-0-0 Bb7 14. h4 Qd7 15. h5 Na6 16. hxg6 fxg6 17. Nxd5 Bxd5 18. Bxd5 Qc8 19. Bxe6+ 1-0

[Event "Karl Mala Memorial op 15th"]
[Site "Frankfurt"]
[Date "2012.07.07"]
[Round "4"]
[White "Kunkel, Wolfgang"]
[Black "Lehmann, Gerit"]
[Result "0-1"]
[WhiteElo "1734"]
[BlackElo "1401"]
[PlyCount "82"]
[EventDate "2012.07.05"]
[EventType "swiss"]
[EventRounds "7"]
[EventCountry "GER"]
[SourceTitle "CBM 149 Extra"]
[Source "ChessBase"]
[SourceDate "2012.08.24"]
[SourceVersion "1"]
[SourceVersionDate "2012.08.24"]
[SourceQuality "1"]

1. g4 d5 2. Bg2 Bxg4 3. c4 c6 4. cxd5 cxd5 5. Nc3 e6 6. Qa4+ Nc6 7. Qxg4 Nf6 8. Qa4 Qb6 9. e3 Bd6 10. Nge2 Qc7 11. Nb5 Qb8 12. Nxd6+ Qxd6 13. b3 Qb4 14. Ba3 Qxa4 15. bxa4 Kd7 16. Rg1 Rhg8 17. Bh3 Na5 18. d3 Rac8 19. Bb4 Nc6 20. Bc3 Ke7 21. Rb1 b6 22. Rc1 h6 23. Nf4 g5 24. Bxf6+ Kxf6 25. Ne2 Nb4 26. Rxc8 Rxc8 27. f4 gxf4 28. Rf1 Ke7 29. Nxf4 Rc1+ 30. Kd2 Rc2+ 31. Kd1 Rxa2 32. e4 dxe4 33. dxe4 Rxa4 34. Bg2 Ra2 35. e5 a5 36. Kc1 a4 37. Kb1 Rd2 38. Rc1 a3 39. Rc7+ Ke8 40. Bb7 Rd1+ 41. Rc1 a2+ 0-1

[Event "Karl Mala Memorial op 15th"]
[Site "Frankfurt"]
[Date "2012.07.06"]
[Round "3"]
[White "Kuhn, Gerhard"]
[Black "Kunkel, Wolfgang"]
[Result "1-0"]
[WhiteElo "2018"]
[BlackElo "1734"]
[PlyCount "91"]
[EventDate "2012.07.05"]
[EventType "swiss"]
[EventRounds "7"]
[EventCountry "GER"]
[SourceTitle "CBM 149 Extra"]
[Source "ChessBase"]
[SourceDate "2012.08.24"]
[SourceVersion "1"]
[SourceVersionDate "2012.08.24"]
[SourceQuality "1"]

1. e4 e5 2. Nf3 f5 3. Nxe5 Nf6 4. d4 d6 5. Nc4 g6 6. exf5 Bxf5 7. Qe2+ Be7 8. Bh6 Kf7 9. Nc3 Re8 10. 0-0-0 Ng4 11. Be3 Bg5 12. h3 Nxe3 13. Nxe3 Nc6 14. g4 Bxc2 15. Kxc2 Qf6 16. Kb1 Nxd4 17. Qc4+ Ne6 18. Ne4 Qe5 19. Nxg5+ Qxg5 20. Bg2 b5 21. Qd5 Qf4 22. Qf3 Rab8 23. Rhe1 Rec8 24. h4 Kg7 25. Qxf4 Nxf4 26. Kc2 Rf8 27. Rd2 Rbe8 28. Bf1 Re5 29. b4 c5 30. bxc5 Rxc5+ 31. Kb3 d5 32. Red1 Rfc8 33. Nxd5 Nxd5 34. Rxd5 Rc3+ 35. Kb4 a5+ 36. Kxb5 Rb8+ 37. Ka6 Rc6+ 38. Ka7 Rf8 39. Rd7+ Kh8 40. Rb7 Rcc8 41. Rdd7 Ra8+ 42. Kb6 Rf6+ 43. Kb5 Kg8 44. Bc4+ Kf8 45. Rxh7 Ke8 46. Rh8+ 1-0

[Event "Karl Mala Memorial op 15th"]
[Site "Frankfurt"]
[Date "2012.07.05"]
[Round "1"]
[White "Zweschper, Erich"]
[Black "Kunkel, Wolfgang"]
[Result "1-0"]
[WhiteElo "2143"]
[BlackElo "1734"]
[PlyCount "87"]
[EventDate "2012.07.05"]
[EventType "swiss"]
[EventRounds "7"]
[EventCountry "GER"]
[SourceTitle "CBM 149 Extra"]
[Source "ChessBase"]
[SourceDate "2012.08.24"]
[SourceVersion "1"]
[SourceVersionDate "2012.08.24"]
[SourceQuality "1"]

1. d4 d5 2. Nf3 Nf6 3. c4 Nbd7 4. Nc3 e6 5. Bg5 Be7 6. e3 0-0 7. Bd3 c5 8. 0-0 dxc4 9. Bxc4 a6 10. a4 b6 11. Qe2 Bb7 12. Rfd1 Qc8 13. e4 cxd4 14. Nxd4 Bc5 15. Nf3 Ng4 16. Bh4 Ndf6 17. h3 Nxf2 18. Bxf2 Bxf2+ 19. Kxf2 Qc5+ 20. Ke1 Rfc8 21. Bd3 Qb4 22. Kf1 Nh5 23. Qf2 Qd6 24. Kg1 Qe7 25. Qh4 Qc5+ 26. Kh1 g6 27. Qg5 Qf2 28. Rd2 Qc5 29. Qxc5 Rxc5 30. Rad1 Kg7 31. Kh2 Bc6 32. Rc1 Bxa4 33. Ra1 Bc6 34. Rxa6 Rb8 35. Ra3 Nf4 36. Bf1 b5 37. b4 Rh5 38. g3 Nxh3 39. Bxh3 g5 40. g4 Rh6 41. Nxg5 Kg6 42. Nf3 f5 43. Ne5+ Kg5 44. Nf7+ 1-0

[Event "Wiesbaden op 23rd"]
[Site "Wiesbaden"]
[Date "2011.08.28"]
[Round "6"]
[White "Woehl, Torsten"]
[Black "Kunkel, Wolfgang"]
[Result "1-0"]
[WhiteElo "1271"]
[BlackElo "1713"]
[PlyCount "119"]
[EventDate "2011.08.25"]
[EventType "swiss"]
[EventRounds "7"]
[EventCountry "GER"]
[SourceTitle "CBM 144 Extra"]
[Source "ChessBase"]
[SourceDate "2011.10.28"]
[SourceVersion "1"]
[SourceVersionDate "2011.10.28"]
[SourceQuality "1"]

1. e4 e5 2. Nf3 f5 3. d3 d6 4. Nc3 Nc6 5. d4 fxe4 6. Nxe4 Bg4 7. Be2 Bxf3 8. Bxf3 Nxd4 9. c3 Ne6 10. Qb3 d5 11. Ng3 Nf6 12. 0-0 Nc5 13. Qc2 Bd6 14. Nh5 Qe7 15. Nxf6+ gxf6 16. Bxd5 0-0-0 17. Be3 c6 18. Bc4 b5 19. Be2 Rhg8 20. b4 Ne6 21. a4 Nf4 22. Bxf4 exf4 23. axb5 cxb5 24. Bf3 Rg5 25. Qe4 Qxe4 26. Bxe4 Bb8 27. Ra6 f5 28. Bf3 Rd3 29. Be2 Rxc3 30. Bxb5 Kb7 31. Rh6 Rc7 32. Be2 Rcg7 33. Bf3+ Kc7 34. Rd1 R5g6 35. Rh3 Rb6 36. Rd4 Kc8 37. Be2 Rbg6 38. Rc3+ Bc7 39. Bf3 Kb8 40. Rd5 Rg5 41. Rb5+ Bb6 42. h4 R5g6 43. Rxf5 Rg8 44. Rxf4 Re6 45. Kh2 Bc7 46. Rxc7 Kxc7 47. Bd5 Kd6 48. Bxe6 Kxe6 49. Kh3 Rg7 50. g4 Rb7 51. Kg3 Ke5 52. f3 Kd6 53. Re4 Kc6 54. g5 Kb5 55. Kg4 Ka4 56. f4 a6 57. h5 Rxb4 58. Rxb4+ Kxb4 59. f5 a5 60. f6 1-0

[Event "Karl Mala Memorial op 14th"]
[Site "Frankfurt"]
[Date "2011.07.09"]
[Round "5"]
[White "Czikuss, Hans Joachim"]
[Black "Kunkel, Wolfgang"]
[Result "1-0"]
[WhiteElo "1947"]
[BlackElo "1713"]
[PlyCount "69"]
[EventDate "2011.07.07"]
[EventType "swiss"]
[EventRounds "7"]
[EventCountry "GER"]
[SourceTitle "EXT 2012"]
[Source "ChessBase"]
[SourceDate "2011.11.24"]
[SourceVersion "1"]
[SourceVersionDate "2011.11.24"]
[SourceQuality "1"]

1. c4 e5 2. g3 f5 3. Bg2 Nf6 4. Nc3 c6 5. d4 Qc7 6. dxe5 Qxe5 7. Nf3 Qc7 8. 0-0 Be7 9. Bf4 Qd8 10. Qc2 0-0 11. a3 Nh5 12. Bd2 Na6 13. b4 Nc7 14. Rad1 Ne6 15. Bc1 Qc7 16. e3 g5 17. Ne2 b6 18. Bb2 g4 19. Nfd4 Nxd4 20. Nxd4 Ng7 21. Nb5 cxb5 22. Bxa8 Bb7 23. Bxb7 Qxb7 24. Bxg7 Kxg7 25. cxb5 h5 26. Qc3+ Bf6 27. Qd3 Kg6 28. Qd5 Qb8 29. e4 Be5 30. exf5+ Rxf5 31. Qxd7 h4 32. Qe6+ Bf6 33. Qe4 hxg3 34. fxg3 Qc8 35. Qxg4+ 1-0

[Event "Karl Mala Memorial op 14th"]
[Site "Frankfurt"]
[Date "2011.07.09"]
[Round "4"]
[White "Kunkel, Wolfgang"]
[Black "Loewe, Lennard"]
[Result "0-1"]
[WhiteElo "1713"]
[BlackElo "2008"]
[PlyCount "76"]
[EventDate "2011.07.07"]
[EventType "swiss"]
[EventRounds "7"]
[EventCountry "GER"]
[SourceTitle "EXT 2012"]
[Source "ChessBase"]
[SourceDate "2011.11.24"]
[SourceVersion "1"]
[SourceVersionDate "2011.11.24"]
[SourceQuality "1"]

1. g4 c5 2. Bg2 Nc6 3. c3 d5 4. Na3 Bxg4 5. Qb3 e6 6. Qxb7 Rc8 7. Nb5 Nf6 8. Nf3 Be7 9. d4 0-0 10. Bf4 cxd4 11. Ne5 Nxe5 12. Bxe5 dxc3 13. bxc3 Rc4 14. Rd1 Bc5 15. Rg1 Ne4 16. Bxe4 Rxe4 17. f3 Bxg1 18. fxe4 Bxh2 19. Bxh2 Qh4+ 20. Kd2 Qxh2 21. Re1 Qf4+ 22. Kd1 Qxe4 23. Kd2 h5 24. Qxa7 Qf4+ 25. Kd1 Qc4 26. Qa5 Rb8 27. a4 h4 28. Qb4 Qxb4 29. cxb4 h3 30. Kd2 Bf5 31. Kc3 g5 32. Nd4 g4 33. b5 h2 34. a5 g3 35. a6 g2 36. Nf3 h1Q 37. a7 Qh8+ 38. Nd4 Rc8+ 0-1

[Event "Karl Mala Memorial op 14th"]
[Site "Frankfurt"]
[Date "2011.07.08"]
[Round "2"]
[White "Kunkel, Wolfgang"]
[Black "Poetsch, Leonore"]
[Result "1-0"]
[WhiteElo "1713"]
[BlackElo "1204"]
[PlyCount "47"]
[EventDate "2011.07.07"]
[EventType "swiss"]
[EventRounds "7"]
[EventCountry "GER"]
[SourceTitle "EXT 2012"]
[Source "ChessBase"]
[SourceDate "2011.11.24"]
[SourceVersion "1"]
[SourceVersionDate "2011.11.24"]
[SourceQuality "1"]

1. f4 e6 2. Nf3 d5 3. d4 c5 4. Nbd2 Nc6 5. c3 Bd6 6. e3 Nge7 7. Bd3 Qc7 8. 0-0 Bd7 9. Ne5 f6 10. Ng4 0-0-0 11. dxc5 Bxc5 12. b4 Bb6 13. a4 a6 14. Ba3 Rde8 15. b5 Na5 16. bxa6 bxa6 17. Bxa6+ Kd8 18. Bb4 h5 19. Bxa5 Bxa5 20. Nf2 Bxc3 21. Rc1 Qa5 22. Qb3 Qxa6 23. Qxc3 Qxa4 24. Qc7# 1-0

[Event "Karl Mala Memorial op 13th"]
[Site "Frankfurt"]
[Date "2010.07.17"]
[Round "3"]
[White "Feicht, Arno"]
[Black "Kunkel, Wolfgang"]
[Result "1-0"]
[WhiteElo "2024"]
[BlackElo "1742"]
[PlyCount "77"]
[EventDate "2010.07.08"]
[EventType "swiss"]
[EventRounds "7"]
[EventCountry "GER"]
[SourceTitle "EXT 2012"]
[Source "ChessBase"]
[SourceDate "2011.11.24"]
[SourceVersion "1"]
[SourceVersionDate "2011.11.24"]
[SourceQuality "1"]

1. d4 d5 2. Nc3 Nf6 3. Bg5 Ne4 4. Nxe4 dxe4 5. Qd2 h6 6. Bf4 g5 7. Be5 Rg8 8. e3 Nc6 9. Bb5 Bd7 10. Bxc6 Bxc6 11. c4 f6 12. Bg3 a5 13. d5 e5 14. 0-0-0 Bb4 15. Qc2 Bd7 16. Qxe4 Qe7 17. h4 Ra6 18. hxg5 Rxg5 19. Rxh6 Bf5 20. Qh4 Rb6 21. Nf3 Rg4 22. Qh5+ Qf7 23. Rh8+ Bf8 24. Qxf5 Rxc4+ 25. Kb1 Ke7 26. Bh4 Qe8 27. Rh7+ Kd6 28. Qxf6+ Kc5 29. Rxc7+ Kb5 30. Qxb6+ Kxb6 31. Rxc4 Qg6+ 32. Kc1 Qxg2 33. d6 Bxd6 34. Rxd6+ Kb5 35. Nd2 a4 36. Bd8 Qg1+ 37. Kc2 Qa1 38. Rb6+ Ka5 39. Rc5# 1-0

[Event "Karl Mala Memorial op 13th"]
[Site "Frankfurt"]
[Date "2010.07.10"]
[Round "4"]
[White "Kunkel, Wolfgang"]
[Black "Spitzlei, Philipp"]
[Result "1-0"]
[WhiteElo "1742"]
[BlackElo "1359"]
[PlyCount "33"]
[EventDate "2010.07.08"]
[EventType "swiss"]
[EventRounds "7"]
[EventCountry "GER"]
[SourceTitle "EXT 2012"]
[Source "ChessBase"]
[SourceDate "2011.11.24"]
[SourceVersion "1"]
[SourceVersionDate "2011.11.24"]
[SourceQuality "1"]

1. g4 c6 2. Bg2 d5 3. c4 dxc4 4. Nc3 Bxg4 5. Nf3 Qa5 6. d3 cxd3 7. Qxd3 Bf5 8. Qe3 Nd7 9. Bd2 Qb6 10. Nd4 Qxb2 11. 0-0 Bg6 12. Na4 Qxa1 13. Rxa1 e6 14. Rc1 Ngf6 15. h3 Nd5 16. Bxd5 cxd5 17. Nxe6 1-0

[Event "Karl Mala Memorial op 13th"]
[Site "Frankfurt"]
[Date "2010.07.08"]
[Round "1"]
[White "Ruppert, Wolfgang"]
[Black "Kunkel, Wolfgang"]
[Result "1-0"]
[WhiteElo "2170"]
[BlackElo "1742"]
[PlyCount "73"]
[EventDate "2010.07.08"]
[EventType "swiss"]
[EventRounds "7"]
[EventCountry "GER"]
[SourceTitle "EXT 2012"]
[Source "ChessBase"]
[SourceDate "2011.11.24"]
[SourceVersion "1"]
[SourceVersionDate "2011.11.24"]
[SourceQuality "1"]

1. e4 e5 2. Nf3 f5 3. Nxe5 Qf6 4. Nc4 Nc6 5. e5 Nxe5 6. Qe2 d6 7. d4 Be6 8. dxe5 Bxc4 9. exf6+ Bxe2 10. fxg7 Bxg7 11. Bxe2 Nf6 12. Nc3 0-0-0 13. Be3 Rde8 14. 0-0-0 Ng4 15. Bxg4 fxg4 16. h3 g3 17. Rhe1 gxf2 18. Bxf2 Be5 19. Kb1 Rhg8 20. g4 Ref8 21. Bd4 Bg3 22. Rf1 Re8 23. Rf3 Bh4 24. b3 c5 25. Bf2 Bxf2 26. Rxf2 Re3 27. Nd5 Re5 28. Rf7 Rgg5 29. Nf6 d5 30. Nxh7 Rg6 31. g5 d4 32. h4 b5 33. h5 Rge6 34. g6 Rxh5 35. Rg1 d3 36. g7 dxc2+ 37. Kc1 1-0

[Event "Karl Mala Memorial op 12th"]
[Site "Frankfurt"]
[Date "2009.07.17"]
[Round "2"]
[White "Schroeder, Jan Christian"]
[Black "Kunkel, Wolfgang"]
[Result "1-0"]
[WhiteElo "1840"]
[BlackElo "1487"]
[PlyCount "53"]
[EventDate "2009.07.16"]
[EventType "swiss"]
[EventRounds "7"]
[EventCountry "GER"]
[SourceTitle "EXT 2010"]
[Source "ChessBase"]
[SourceDate "2010.11.25"]
[SourceVersion "1"]
[SourceVersionDate "2010.11.25"]
[SourceQuality "1"]

1. e4 e5 2. Nf3 f5 3. Nc3 d6 4. d4 fxe4 5. Nxe4 Bf5 6. Ng3 Bg6 7. dxe5 Nc6 8. Bb5 a6 9. Bxc6+ bxc6 10. Bg5 Be7 11. Bxe7 Nxe7 12. exd6 cxd6 13. Nd4 Qa5+ 14. c3 0-0 15. 0-0 Rf6 16. Qb3+ Bf7 17. Qb7 Qd8 18. Rfe1 Nd5 19. Nxc6 Qf8 20. Ne4 Re6 21. Rad1 Rg6 22. Rxd5 Re8 23. Rdd1 d5 24. Ng3 Be6 25. Nd4 Re7 26. Nxe6 Rgxe6 27. Qxd5 1-0

[Event "Karl Mala Memorial op 12th"]
[Site "Frankfurt"]
[Date "2009.07.16"]
[Round "1"]
[White "Kunkel, Wolfgang"]
[Black "Huettemann, Ralf"]
[Result "0-1"]
[WhiteElo "1487"]
[BlackElo "1994"]
[PlyCount "62"]
[EventDate "2009.07.16"]
[EventType "swiss"]
[EventRounds "7"]
[EventCountry "GER"]
[SourceTitle "EXT 2010"]
[Source "ChessBase"]
[SourceDate "2010.11.25"]
[SourceVersion "1"]
[SourceVersionDate "2010.11.25"]
[SourceQuality "1"]

1. f4 e5 2. e4 exf4 3. Nf3 h6 4. Bc4 d6 5. d4 g5 6. 0-0 Bg7 7. c3 Ne7 8. Na3 Nbc6 9. Nc2 Ng6 10. Kh1 0-0 11. Ng1 Qe7 12. Bd3 Bd7 13. a3 Rae8 14. Nb4 Nxb4 15. axb4 a6 16. Re1 Qd8 17. b3 c5 18. bxc5 dxc5 19. e5 Bc6 20. Bf1 cxd4 21. cxd4 Nh4 22. Ba3 Nf5 23. Bxf8 Bxf8 24. Ra2 Qxd4 25. Rd2 Qb6 26. Qb1 Ne3 27. Bc4 Nxc4 28. bxc4 Qxb1 29. Rxb1 Rxe5 30. Nf3 Rc5 31. Rc2 Be4 0-1